Ngôn ngữ học tri nhận Ghi chép và suy nghĩ
Guardado en:
| Autor principal: | |
|---|---|
| Formato: | Libro |
| Publicado: |
H.
Khoa học xã hội
|
| Etiquetas: |
Agregar Etiqueta
Sin Etiquetas, Sea el primero en etiquetar este registro!
|
| Thư viện lưu trữ: | Trung tâm Học liệu Lê Vũ Hùng, Trường Đại học Đồng Tháp |
|---|
| LEADER | 00597pam a22001818a 4500 | ||
|---|---|---|---|
| 001 | 00039187 | ||
| 005 | 20171026081025.0 | ||
| 008 | 170518s ||||||Viesd | ||
| 041 | 0 | # | |a Vie |
| 082 | 1 | 4 | |a 410 |b NG454NG |
| 100 | 1 | # | |a Trần, Văn Cơ |
| 245 | 1 | 0 | |a Ngôn ngữ học tri nhận |b Ghi chép và suy nghĩ |c Trần Văn Cơ |
| 260 | # | # | |a H. |b Khoa học xã hội |
| 300 | # | # | |a 429 tr. |b 27cm |
| 852 | # | # | |b Kho đọc |j KD.1002301, KD.0020438 |
| 852 | # | # | |j KD.0020438 |
| 910 | |d 18/05/2017 | ||
| 980 | # | # | |a Trung tâm Học liệu Lê Vũ Hùng, Trường Đại học Đồng Tháp |